[Event "chess.com Speed 1m+1spm 2018"]
[Site "chess.com INT"]
[Date "2018.07.24"]
[Round "1.20"]
[White "Aronian, Levon"]
[Black "Caruana, Fabiano"]
[Result "1-0"]
[WhiteTitle "GM"]
[BlackTitle "GM"]
[WhiteElo "2767"]
[BlackElo "2822"]
[WhiteFideId "13300474"]
[BlackFideId "2020009"]
[EventDate "2018.07.24"]

1. e4 e6 2. d4 d5 3. Nc3 Nf6 4. e5 Nfd7 5. f4 c5 6. Nf3 Nc6 7. Be3 Be7 8. Qd2 b6
9. Bb5 Bb7 10. O-O a6 11. Bxc6 Bxc6 12. Nd1 Qc7 13. Nf2 O-O-O 14. a4 Kb8 15. b3
Bb7 16. Nd3 c4 17. Nf2 f5 18. exf6 gxf6 19. Qe2 Bd6 20. Rae1 Rde8 21. g3 Rhg8
22. Nh4 Bxf4 23. Bxf4 Qxf4 24. Nf3 Qc7 25. Qd2 Rxg3+ 26. hxg3 Qxg3+ 27. Kh1
Qxf3+ 28. Kh2 Rg8 29. Rg1 Rxg1 30. Rxg1 e5 31. Rg7 Bc6 32. Nh3 cxb3 33. cxb3
Qxb3 34. a5 b5 35. Rxh7 Qc4 36. dxe5 fxe5 37. Qh6 Qc2+ 38. Kg3 Qd3+ 39. Kh4 Qe4+
40. Kg3 Qd3+ 41. Kh4 Kc7 42. Ng5 Qd4+ 43. Kh5 Qd1+ 44. Kg6 d4 45. Ne6+ Kd6 46.
Kf7 Kd5 47. Nc7+ Kc5 48. Ke7 Qf3 49. Nxa6+ Kc4 50. Kd8 Qd5 51. Kc7 Ba8 52. Rxd7
Qb7+ 53. Kd8 Qf3 54. Nc7 d3 55. Nxa8 Qxa8+ 56. Ke7 Qe4 57. a6 b4 58. a7 b3 59.
Qa6+ Kc3 60. a8=Q 1-0

[Event "chess.com Speed 1m+1spm 2018"]
[Site "chess.com INT"]
[Date "2018.07.24"]
[Round "1.21"]
[White "Caruana, Fabiano"]
[Black "Aronian, Levon"]
[Result "1/2-1/2"]
[WhiteTitle "GM"]
[BlackTitle "GM"]
[WhiteElo "2822"]
[BlackElo "2767"]
[WhiteFideId "2020009"]
[BlackFideId "13300474"]
[EventDate "2018.07.24"]

1. e4 e5 2. Nc3 Nc6 3. Bc4 Nf6 4. d3 Na5 5. Bb3 Nxb3 6. axb3 Bc5 7. h3 d6 8. Be3
Bxe3 9. fxe3 O-O 10. Qf3 Ne8 11. g4 Qh4+ 12. Kd2 g6 13. Nge2 c6 14. Raf1 Ng7 15.
Qg2 f6 16. Ng1 Ne6 17. Nf3 Qh6 18. h4 Qg7 19. h5 Bd7 20. hxg6 hxg6 21. Rh3 Kf7
22. Rfh1 Rh8 23. Qf2 Rxh3 24. Rxh3 Rh8 25. Qg3 Rxh3 26. Qxh3 Kg8 27. Nd1 Qh7 28.
Qxh7+ Kxh7 29. Nf2 c5 30. c4 Kg7 31. Kc3 a5 32. Ne1 Ng5 33. Kd2 Kf7 34. Ke2 Ke8
35. Nf3 Ne6 36. Kd2 Kf7 37. Ke2 Kg7 38. Kd2 Kh6 39. Ke2 Ng5 40. Nh4 b5 41. Kd2
b4 42. Ke2 a4 43. bxa4 Bxa4 44. Kd2 Bd7 45. Ke2 Nf7 46. Nf3 Kg7 47. Kd2 Nh6 48.
Nh2 Kf7 49. Ke2 Ke8 50. b3 Kd8 51. Kd2 Ke7 52. Ke2 Kf7 53. Kf3 Kg7 54. Ke2 Ng8
55. Nf3 Ne7 56. Kd2 Nc6 57. Kc2 Nd8 58. Kd2 Ne6 59. Kc2 Kh6 60. Kd2 Ng5 61. Nh4 1/2-1/2

[Event "chess.com Speed 1m+1spm 2018"]
[Site "chess.com INT"]
[Date "2018.07.24"]
[Round "1.22"]
[White "Aronian, Levon"]
[Black "Caruana, Fabiano"]
[Result "1-0"]
[WhiteTitle "GM"]
[BlackTitle "GM"]
[WhiteElo "2767"]
[BlackElo "2822"]
[WhiteFideId "13300474"]
[BlackFideId "2020009"]
[EventDate "2018.07.24"]

1. e4 c6 2. d4 d5 3. exd5 cxd5 4. c3 Nc6 5. Bd3 Nf6 6. h3 g6 7. Qc2 e5 8. dxe5
Nxe5 9. Nd2 Nxd3+ 10. Qxd3 Bd6 11. Ngf3 O-O 12. O-O Bf5 13. Qd4 Re8 14. Rd1 Rc8
15. Nb3 Be4 16. Bg5 Re6 17. Nfd2 Qe7 18. Re1 Kg7 19. Rad1 Bc2 20. Rxe6 fxe6 21.
Re1 b6 22. Bxf6+ Qxf6 23. Rxe6 Qxd4 24. Nxd4 Bc5 25. Nxc2 1-0

[Event "chess.com Speed 1m+1spm 2018"]
[Site "chess.com INT"]
[Date "2018.07.24"]
[Round "1.23"]
[White "Caruana, Fabiano"]
[Black "Aronian, Levon"]
[Result "0-1"]
[WhiteTitle "GM"]
[BlackTitle "GM"]
[WhiteElo "2822"]
[BlackElo "2767"]
[WhiteFideId "2020009"]
[BlackFideId "13300474"]
[EventDate "2018.07.24"]

1. e4 e5 2. Nc3 Nc6 3. Nge2 Nf6 4. g3 Bc5 5. Bg2 d6 6. O-O h5 7. Na4 Bb6 8. Nxb6
axb6 9. d4 h4 10. Bg5 hxg3 11. hxg3 exd4 12. Nxd4 Ra5 13. f4 Rxg5 14. fxg5 Ng4
15. Qf3 Nge5 16. Qe3 Nxd4 17. Qxd4 Qxg5 18. Qf2 Qh6 19. Qf4 g5 20. Qd2 Qh2+ 21.
Kf2 Bh3 22. Rg1 Rh6 23. Qxg5 Rf6+ 24. Ke2 Bxg2 25. Qxf6 Bf3+ 26. Ke3 Ng4+ 0-1

[Event "chess.com Speed 1m+1spm 2018"]
[Site "chess.com INT"]
[Date "2018.07.24"]
[Round "1.24"]
[White "Aronian, Levon"]
[Black "Caruana, Fabiano"]
[Result "1-0"]
[WhiteTitle "GM"]
[BlackTitle "GM"]
[WhiteElo "2767"]
[BlackElo "2822"]
[WhiteFideId "13300474"]
[BlackFideId "2020009"]
[EventDate "2018.07.24"]

1. d4 Nc6 2. d5 Ne5 3. f4 Ng6 4. e4 e6 5. dxe6 fxe6 6. Nf3 Bc5 7. Nc3 Nf6 8. e5
Ng4 9. Ne4 Bb6 10. c4 Qe7 11. Qc2 Be3 12. g3 O-O 13. Bh3 Bxc1 14. Rxc1 Nh6 15.
O-O b6 16. Neg5 Bb7 17. Nxh7 Bxf3 18. Qxg6 Qc5+ 19. Rf2 Qe3 20. Rc3 Qe1+ 21. Rf1
Qe2 22. Rcxf3 1-0

[Event "chess.com Speed 1m+1spm 2018"]
[Site "chess.com INT"]
[Date "2018.07.24"]
[Round "1.25"]
[White "Caruana, Fabiano"]
[Black "Aronian, Levon"]
[Result "0-1"]
[WhiteTitle "GM"]
[BlackTitle "GM"]
[WhiteElo "2822"]
[BlackElo "2767"]
[WhiteFideId "2020009"]
[BlackFideId "13300474"]
[EventDate "2018.07.24"]

1. e4 e5 2. d3 Nc6 3. Nf3 Nf6 4. c3 d5 5. Nbd2 Bc5 6. Be2 O-O 7. O-O Re8 8. b4
Bb6 9. a4 a5 10. b5 Nb8 11. h3 dxe4 12. dxe4 Nbd7 13. Qc2 Bc5 14. Nc4 Qe7 15.
Bg5 h6 16. Bh4 b6 17. Rad1 Bb7 18. Bd3 Rad8 19. Qe2 g5 20. Bg3 Nh5 21. Kh1 Nf4
22. Bxf4 gxf4 23. g3 Qe6 24. Kh2 Kh8 25. Nh4 Nf6 26. Nd2 Rg8 27. Bc4 Qe7 28. Nf5
Qf8 29. Rg1 Rxd2 30. Rxd2 Nxe4 31. Rd7 Bxf2 32. Rxf7 Bxg1+ 33. Kxg1 Qc5+ 34. Kf1
f3 35. Qc2 Qxc4+ 0-1

[Event "chess.com Speed 1m+1spm 2018"]
[Site "chess.com INT"]
[Date "2018.07.24"]
[Round "1.26"]
[White "Aronian, Levon"]
[Black "Caruana, Fabiano"]
[Result "1-0"]
[WhiteTitle "GM"]
[BlackTitle "GM"]
[WhiteElo "2767"]
[BlackElo "2822"]
[WhiteFideId "13300474"]
[BlackFideId "2020009"]
[EventDate "2018.07.24"]

1. e4 e6 2. d4 d5 3. Nc3 Bb4 4. exd5 exd5 5. Bd3 Nf6 6. Ne2 O-O 7. O-O c6 8. Bg5
h6 9. Bh4 Re8 10. f3 Nbd7 11. Qd2 Nf8 12. Rae1 Bd6 13. Bg3 Ng6 14. Bxd6 Qxd6 15.
Bxg6 fxg6 16. Nd1 g5 17. Nc1 Bf5 18. c3 Bg6 19. Nd3 Nd7 20. N1f2 a5 21. Ng4 Bf5
22. Nde5 Nxe5 23. Nxe5 a4 24. a3 Rf8 25. f4 g4 26. Qf2 h5 27. Qh4 g6 28. Re3 Be4
29. h3 gxh3 30. Rxh3 Qf6 31. Qg3 Qf5 32. Qh2 Kg7 33. g4 Qe6 34. f5 gxf5 35. Rxh5
Rh8 36. gxf5 Rxh5 37. Qxh5 Qf6 38. Qg4+ Kh8 39. Rf2 1-0

[Event "chess.com Speed 1m+1spm 2018"]
[Site "chess.com INT"]
[Date "2018.07.24"]
[Round "1.27"]
[White "Caruana, Fabiano"]
[Black "Aronian, Levon"]
[Result "1-0"]
[WhiteTitle "GM"]
[BlackTitle "GM"]
[WhiteElo "2822"]
[BlackElo "2767"]
[WhiteFideId "2020009"]
[BlackFideId "13300474"]
[EventDate "2018.07.24"]

1. d4 Nf6 2. Nf3 d5 3. g3 Bg4 4. Bg2 e6 5. h3 Bh5 6. O-O Be7 7. Nbd2 O-O 8. b3
c5 9. Bb2 Nc6 10. e3 cxd4 11. exd4 Ne4 12. Re1 Nxd2 13. Qxd2 Rc8 14. Rac1 Qa5
15. Qxa5 Nxa5 16. Ne5 Bb4 17. c3 Bd6 18. c4 dxc4 19. Nxc4 Nxc4 20. bxc4 b6 21.
c5 Be7 22. c6 Bb4 23. Re5 Bg6 24. d5 Bd6 25. Ree1 exd5 26. Bxd5 Rfd8 27. Bf3 Bf5
28. Kg2 Be6 29. Be5 Bxe5 30. Rxe5 Rc7 31. a4 Kf8 32. a5 Rd6 33. axb6 axb6 34.
Rb5 Ke7 35. Rxb6 Bd5 36. Rb7 Kd8 37. Rb8+ Rc8 38. c7+ Kd7 39. Bxd5 Rxd5 40. Re1
Rxc7 41. Rg8 g6 42. Rg7 Rf5 43. Rxh7 Rc2 44. Rf1 Ke7 45. h4 Kf6 46. Rh8 Kg7 47.
Re8 Rd5 48. Re3 Rdd2 49. Rf3 Rb2 50. g4 Rd4 51. Kh3 Rbb4 52. Rg3 Rf4 53. f3 Rb2
54. Rg2 Rxg2 55. Kxg2 Rd4 56. Kg3 Rb4 57. Ra1 Rb7 58. Ra6 Re7 59. h5 gxh5 60.
gxh5 f6 61. Kg4 Re5 62. f4 Rb5 63. Rd6 Rd5 64. Rxd5 1-0

[Event "chess.com Speed 5m+1spm 2018"]
[Site "chess.com INT"]
[Date "2018.07.29"]
[Round "1.1"]
[White "So, Wesley"]
[Black "Wei, Yi"]
[Result "1/2-1/2"]
[WhiteTitle "GM"]
[BlackTitle "GM"]
[WhiteElo "2780"]
[BlackElo "2729"]
[WhiteFideId "5202213"]
[BlackFideId "8603405"]
[EventDate "2018.07.24"]

1. d4 Nf6 2. c4 e6 3. Nc3 Bb4 4. e3 O-O 5. Bd3 c5 6. Nf3 d5 7. cxd5 exd5 8. dxc5
Nc6 9. O-O Bg4 10. Na4 Ne4 11. a3 Bxc5 12. h3 Bxf3 13. gxf3 Qg5+ 14. Kh1 Qh4 15.
fxe4 Qxh3+ 16. Kg1 Ne5 17. f3 Qg3+ 18. Kh1 Qh3+ 19. Kg1 Qg3+ 20. Kh1 Bd6 21. f4
Qh3+ 22. Kg1 Qg3+ 23. Kh1 Qh3+ 24. Kg1 Qg3+ 25. Kh1 1/2-1/2

[Event "chess.com Speed 5m+1spm 2018"]
[Site "chess.com INT"]
[Date "2018.07.29"]
[Round "1.2"]
[White "Wei, Yi"]
[Black "So, Wesley"]
[Result "1-0"]
[WhiteTitle "GM"]
[BlackTitle "GM"]
[WhiteElo "2729"]
[BlackElo "2780"]
[WhiteFideId "8603405"]
[BlackFideId "5202213"]
[EventDate "2018.07.24"]

1. e4 e6 2. d4 d5 3. Nd2 c5 4. Ngf3 cxd4 5. exd5 Qxd5 6. Bc4 Qd6 7. O-O Nf6 8.
Nb3 Nc6 9. Nbxd4 Nxd4 10. Nxd4 a6 11. Re1 Qc7 12. Qe2 Bc5 13. c3 O-O 14. Bg5 b5
15. Bd3 Nd5 16. Qh5 g6 17. Qh4 Bb7 18. a4 bxa4 19. Rxa4 Rfe8 20. Nf3 a5 21. Ne5
f6 22. Bxf6 Nxf6 23. Qxf6 Rf8 24. Qxe6+ Kg7 25. Ng4 Rae8 26. Qxe8 Rxe8 27. Rxe8
Qd7 28. Rg8+ Kf7 29. Ne5+ 1-0

[Event "chess.com Speed 5m+1spm 2018"]
[Site "chess.com INT"]
[Date "2018.07.29"]
[Round "1.3"]
[White "So, Wesley"]
[Black "Wei, Yi"]
[Result "0-1"]
[WhiteTitle "GM"]
[BlackTitle "GM"]
[WhiteElo "2780"]
[BlackElo "2729"]
[WhiteFideId "5202213"]
[BlackFideId "8603405"]
[EventDate "2018.07.24"]

1. d4 Nf6 2. Nf3 d5 3. Bf4 Bf5 4. e3 e6 5. c4 Bxb1 6. Rxb1 Bb4+ 7. Ke2 dxc4 8.
Qa4+ Nc6 9. Ne5 a5 10. Nxc6 Qd7 11. g3 Nd5 12. Bg2 Ra6 13. a3 Be7 14. Rhc1 Qxc6
15. Qxc4 Nxf4+ 16. gxf4 Qxg2 17. Qxc7 Bd8 18. Qe5 Rc6 19. Rxc6 bxc6 20. Qc5 Qd5 0-1

[Event "chess.com Speed 5m+1spm 2018"]
[Site "chess.com INT"]
[Date "2018.07.29"]
[Round "1.4"]
[White "Wei, Yi"]
[Black "So, Wesley"]
[Result "0-1"]
[WhiteTitle "GM"]
[BlackTitle "GM"]
[WhiteElo "2729"]
[BlackElo "2780"]
[WhiteFideId "8603405"]
[BlackFideId "5202213"]
[EventDate "2018.07.24"]

1. e4 e5 2. Nf3 Nc6 3. Bb5 a6 4. Ba4 Nf6 5. O-O Be7 6. Re1 b5 7. Bb3 O-O 8. d3
d6 9. Bd2 Bg4 10. c3 d5 11. h3 Bxf3 12. Qxf3 d4 13. Bd5 dxc3 14. bxc3 Qd6 15.
Bxc6 Qxc6 16. d4 Rfd8 17. dxe5 Nd7 18. Bf4 Nc5 19. Bg3 Rd3 20. Qe2 Rad8 21. f3
h5 22. Bf2 Ne6 23. Qc2 Nf4 24. Bg3 Qc5+ 25. Kh2 Qxe5 26. Qc1 Bd6 27. Kh1 Qg5 0-1

[Event "chess.com Speed 5m+1spm 2018"]
[Site "chess.com INT"]
[Date "2018.07.29"]
[Round "1.5"]
[White "So, Wesley"]
[Black "Wei, Yi"]
[Result "1-0"]
[WhiteTitle "GM"]
[BlackTitle "GM"]
[WhiteElo "2780"]
[BlackElo "2729"]
[WhiteFideId "5202213"]
[BlackFideId "8603405"]
[EventDate "2018.07.24"]

1. c4 Nf6 2. Nf3 e6 3. g3 d5 4. Bg2 dxc4 5. Qa4+ c6 6. Qxc4 b5 7. Qc2 Bb7 8. Nc3
a6 9. d4 Nbd7 10. Ne5 Nxe5 11. dxe5 Nd7 12. O-O Be7 13. Rd1 O-O 14. Ne4 Qc7 15.
Bf4 c5 16. Nf6+ Bxf6 17. exf6 e5 18. Qf5 Rfd8 19. Rxd7 1-0

[Event "chess.com Speed 5m+1spm 2018"]
[Site "chess.com INT"]
[Date "2018.07.29"]
[Round "1.6"]
[White "Wei, Yi"]
[Black "So, Wesley"]
[Result "0-1"]
[WhiteTitle "GM"]
[BlackTitle "GM"]
[WhiteElo "2729"]
[BlackElo "2780"]
[WhiteFideId "8603405"]
[BlackFideId "5202213"]
[EventDate "2018.07.24"]

1. Nf3 Nf6 2. c4 c5 3. Nc3 Nc6 4. d4 cxd4 5. Nxd4 e6 6. g3 Qb6 7. Nc2 Bc5 8. e3
d5 9. cxd5 Nxd5 10. Nxd5 exd5 11. Bg2 O-O 12. O-O Rd8 13. a3 Be7 14. b4 Bf6 15.
Rb1 Bf5 16. Bb2 d4 17. e4 Be6 18. Qd2 Ne5 19. Ba1 Rac8 20. Rbc1 Bc4 21. Rfd1 Bb3
22. Re1 Bxc2 23. Rxc2 Rxc2 24. Qxc2 d3 25. Qb3 Ng4 0-1

[Event "chess.com Speed 5m+1spm 2018"]
[Site "chess.com INT"]
[Date "2018.07.29"]
[Round "1.7"]
[White "So, Wesley"]
[Black "Wei, Yi"]
[Result "1-0"]
[WhiteTitle "GM"]
[BlackTitle "GM"]
[WhiteElo "2780"]
[BlackElo "2729"]
[WhiteFideId "5202213"]
[BlackFideId "8603405"]
[EventDate "2018.07.24"]

1. c4 e6 2. g3 d5 3. Bg2 Nf6 4. Nf3 dxc4 5. Qa4+ Bd7 6. Qxc4 c5 7. Ne5 Qc8 8.
Qd3 Nc6 9. Nxd7 Nxd7 10. Nc3 Be7 11. O-O O-O 12. b3 Rd8 13. Bb2 Nb6 14. Qc2 c4
15. Ne4 f5 16. Nc3 Bf6 17. Rad1 Nd4 18. Qb1 cxb3 19. e3 bxa2 20. Nxa2 Nc6 21.
Bxf6 gxf6 22. Nc3 Qd7 23. d4 Ne7 24. e4 Rdc8 25. Rd3 Kh8 26. d5 exd5 27. exd5
Nc4 28. d6 Nc6 29. f4 Re8 30. Nd5 Qxd6 31. Kh1 Rad8 32. Qxb7 Nb6 33. Rfd1 Nxd5
34. Rxd5 Qe6 35. Rxd8 Rxd8 36. Rc1 Ne7 37. Qxa7 Rd7 38. Qa4 Kg7 39. Qa3 Ng6 40.
Qf3 Re7 41. Rb1 Qe4 42. Qb3 Qe1+ 43. Rxe1 Rxe1+ 44. Bf1 Rxf1+ 45. Kg2 Re1 46.
Qb7+ Ne7 47. Kf2 Re6 48. Qd7 Kf7 49. h3 Re4 50. Kf3 Re6 51. g4 fxg4+ 52. hxg4 f5
53. g5 h6 54. Qd3 hxg5 55. fxg5 Re4 56. Qd6 Re6 57. Qh2 Kg7 58. Qh5 Ng8 59. Qh1
Rg6 60. Qa1+ Kf7 61. Kf4 Ne7 62. Qa2+ Re6 63. Qc4 Ng6+ 64. Kxf5 Ne7+ 65. Kg4 Ng6
66. Kh5 Nf8 67. Qd5 Kg7 68. Qf5 Kg8 69. Qd5 Kg7 70. Kg4 Kg8 71. Kf5 Kg7 72. Qd4+
Kg8 73. Qc4 Kg7 74. Qd5 Kg8 75. Qb7 Rd6 76. Qe7 Rc6 77. Qe5 Rb6 78. Qd5+ Re6 79.
g6 Kh8 80. Qd4+ Kg8 81. g7 1-0

[Event "chess.com Speed 5m+1spm 2018"]
[Site "chess.com INT"]
[Date "2018.07.29"]
[Round "1.8"]
[White "Wei, Yi"]
[Black "So, Wesley"]
[Result "0-1"]
[WhiteTitle "GM"]
[BlackTitle "GM"]
[WhiteElo "2729"]
[BlackElo "2780"]
[WhiteFideId "8603405"]
[BlackFideId "5202213"]
[EventDate "2018.07.24"]

1. e4 e5 2. Nf3 Nc6 3. Bb5 a6 4. Ba4 Nf6 5. O-O Be7 6. Re1 b5 7. Bb3 O-O 8. a4
b4 9. d4 d6 10. dxe5 Nxe5 11. Nbd2 Nfd7 12. Nd4 Bb7 13. f4 Ng6 14. N2f3 Bf6 15.
Bd5 Qc8 16. Nc6 Nb6 17. Nxb4 a5 18. Bxb7 Qxb7 19. Nd3 Rfe8 20. e5 dxe5 21. fxe5
Be7 22. e6 fxe6 23. Rxe6 Bf6 24. Qe1 Kf7 25. Rxe8 Rxe8 26. Qxa5 Re2 27. Qc5
Rxg2+ 28. Kxg2 Nh4+ 29. Kg1 Bd4+ 0-1

[Event "chess.com Speed 5m+1spm 2018"]
[Site "chess.com INT"]
[Date "2018.07.29"]
[Round "1.9"]
[White "So, Wesley"]
[Black "Wei, Yi"]
[Result "1-0"]
[WhiteTitle "GM"]
[BlackTitle "GM"]
[WhiteElo "2780"]
[BlackElo "2729"]
[WhiteFideId "5202213"]
[BlackFideId "8603405"]
[EventDate "2018.07.24"]

1. e4 c5 2. Nf3 d6 3. d4 cxd4 4. Nxd4 Nf6 5. Nc3 a6 6. Be2 e6 7. f4 Qc7 8. g4 d5
9. exd5 Bb4 10. dxe6 Bxc3+ 11. bxc3 Qxc3+ 12. Kf2 O-O 13. Rb1 fxe6 14. Rb3 Qc7
15. Rf1 Nc6 16. Nxc6 Qxc6 17. Bf3 Nd5 18. Qd4 b5 19. Bb2 Rf7 20. Bxd5 Qxd5 21.
Qxd5 exd5 22. Kg3 h5 23. h3 hxg4 24. hxg4 Bd7 25. Rd3 Rc8 26. Rf2 Rc4 27. Rxd5
Bc6 28. Rg5 Be4 29. f5 Rxc2 30. Rxc2 Bxc2 31. Rg6 a5 32. Rc6 Be4 33. Rc8+ Rf8
34. Rc7 Rf7 35. Rc8+ Rf8 36. Rc5 Bd3 37. Kh4 Rf7 38. Kg5 Kh7 39. Rc3 Bc4 40. a4
Rd7 41. axb5 Bxb5 42. Rc5 Rb7 43. Be5 Be8 44. Rc8 1-0

[Event "chess.com Speed 5m+1spm 2018"]
[Site "chess.com INT"]
[Date "2018.07.29"]
[Round "1.10"]
[White "Wei, Yi"]
[Black "So, Wesley"]
[Result "1-0"]
[WhiteTitle "GM"]
[BlackTitle "GM"]
[WhiteElo "2729"]
[BlackElo "2780"]
[WhiteFideId "8603405"]
[BlackFideId "5202213"]
[EventDate "2018.07.24"]

1. d4 Nf6 2. c4 e6 3. g3 d5 4. Bg2 Be7 5. Nf3 O-O 6. Qc2 c5 7. O-O Nc6 8. dxc5
d4 9. a3 a5 10. Rd1 Bxc5 11. Nc3 e5 12. Nd5 h6 13. Bd2 Bd6 14. e3 Bg4 15. h3 Bh5
16. e4 Nxd5 17. cxd5 Ne7 18. g4 Bg6 19. Nh4 Bh7 20. Qb3 a4 21. Qb5 Ng6 22. Nf5
Nh4 23. Rac1 Bxf5 24. exf5 Nxg2 25. Kxg2 Re8 26. Rc4 e4 27. Rxd4 Qf6 28. Be3 Qe5
29. Rh1 Rec8 30. Rxa4 Rxa4 31. Qxa4 Qxd5 32. Qd4 Qxd4 33. Bxd4 Rc4 34. Rd1 Bf4
35. Bc3 Rc7 36. Kf1 Kh7 37. Ke2 g6 38. Rd8 gxf5 39. Rh8+ 1-0

[Event "chess.com Speed 3m+1spm 2018"]
[Site "chess.com INT"]
[Date "2018.07.29"]
[Round "1.11"]
[White "So, Wesley"]
[Black "Wei, Yi"]
[Result "1-0"]
[WhiteTitle "GM"]
[BlackTitle "GM"]
[WhiteElo "2780"]
[BlackElo "2729"]
[WhiteFideId "5202213"]
[BlackFideId "8603405"]
[EventDate "2018.07.24"]

1. c4 e6 2. g3 d5 3. Bg2 Nf6 4. d4 dxc4 5. Nf3 Nc6 6. O-O Rb8 7. e3 Be7 8. Qe2
b5 9. b3 cxb3 10. axb3 O-O 11. Bd2 Bb7 12. Rc1 a6 13. Ne1 Nd5 14. Nd3 Qd7 15.
Nc3 Nf6 16. Nxb5 axb5 17. Bxc6 Bxc6 18. Ne5 Qe8 19. Nxc6 Rb6 20. Nxe7+ Qxe7 21.
Ra7 Ne8 22. Qe1 Nd6 23. Rcxc7 Qf6 24. Bb4 1-0

[Event "chess.com Speed 3m+1spm 2018"]
[Site "chess.com INT"]
[Date "2018.07.29"]
[Round "1.12"]
[White "Wei, Yi"]
[Black "So, Wesley"]
[Result "0-1"]
[WhiteTitle "GM"]
[BlackTitle "GM"]
[WhiteElo "2729"]
[BlackElo "2780"]
[WhiteFideId "8603405"]
[BlackFideId "5202213"]
[EventDate "2018.07.24"]

1. d4 Nf6 2. c4 e6 3. g3 d5 4. Bg2 Be7 5. Nf3 O-O 6. O-O dxc4 7. Qc2 a6 8. a4
Bd7 9. Qxc4 Bc6 10. Bg5 Bd5 11. Qc2 Be4 12. Qc1 h6 13. Bxf6 Bxf6 14. Nbd2 Bxf3
15. Nxf3 a5 16. Rd1 c6 17. h4 Na6 18. Qf4 Qc7 19. Qg4 Rad8 20. Rac1 Nb4 21. Qe4
Rd7 22. e3 h5 23. Bh3 g6 24. g4 hxg4 25. Bxg4 Kg7 26. Kg2 Rh8 27. Rh1 Rd5 28.
Rh3 Be7 29. h5 f5 30. Qxe6 Qd6 31. Qxd6 Rxd6 32. Rg3 fxg4 33. Rxg4 Rxh5 34. Ne5
Rg5 35. Rxg5 Bxg5 36. f4 Bf6 37. Kf3 Bxe5 38. dxe5 Rd2 39. Rg1 Nd3 40. Ke4 Nc5+
41. Kf3 Kf7 42. Rh1 Rxb2 43. Rh7+ Kg8 44. Re7 Nxa4 45. Kg4 Rg2+ 0-1

[Event "chess.com Speed 3m+1spm 2018"]
[Site "chess.com INT"]
[Date "2018.07.29"]
[Round "1.13"]
[White "So, Wesley"]
[Black "Wei, Yi"]
[Result "1-0"]
[WhiteTitle "GM"]
[BlackTitle "GM"]
[WhiteElo "2780"]
[BlackElo "2729"]
[WhiteFideId "5202213"]
[BlackFideId "8603405"]
[EventDate "2018.07.24"]

1. d4 Nf6 2. c4 g6 3. g3 Bg7 4. Bg2 d5 5. cxd5 Nxd5 6. Nf3 Nb6 7. Nc3 Nc6 8. e3
O-O 9. O-O a5 10. Qe2 e5 11. Nxe5 Nxe5 12. dxe5 Bxe5 13. e4 Qe7 14. f4 Bd4+ 15.
Be3 Qc5 16. Bxd4 Qxd4+ 17. Qf2 Rd8 18. Qxd4 Rxd4 19. Nb5 Rc4 20. Rfc1 c6 21. Nd6
Rxc1+ 22. Rxc1 Rb8 23. Rc5 a4 24. Kf2 Be6 25. a3 Nc8 26. Nxc8 Rxc8 27. Ke3 b6
28. Rc3 c5 29. Bf1 Rd8 30. Rd3 Rxd3+ 31. Bxd3 f6 32. Bb5 Bb3 33. Kd3 Kf8 34. Bc4
Bd1 35. Kd2 Bf3 36. Ke3 Bd1 37. Kd2 Bf3 38. Bd3 Ke7 39. Bc2 b5 40. Bd3 c4 41.
Bc2 Kd6 42. Ke3 Bg4 43. Kd4 Be6 44. e5+ fxe5+ 45. fxe5+ Kc6 46. Be4+ Kb6 47. Bd5
Bd7 48. Bg8 Kc7 49. Kc5 1-0

[Event "chess.com Speed 3m+1spm 2018"]
[Site "chess.com INT"]
[Date "2018.07.29"]
[Round "1.14"]
[White "Wei, Yi"]
[Black "So, Wesley"]
[Result "0-1"]
[WhiteTitle "GM"]
[BlackTitle "GM"]
[WhiteElo "2729"]
[BlackElo "2780"]
[WhiteFideId "8603405"]
[BlackFideId "5202213"]
[EventDate "2018.07.24"]

1. d4 Nf6 2. Bf4 d5 3. e3 c5 4. Nd2 Nc6 5. Ngf3 e6 6. c3 Be7 7. Ne5 O-O 8. Bd3
Bd6 9. Ndf3 Qc7 10. h4 Ne4 11. Qc2 f6 12. Nxc6 Bxf4 13. exf4 Qxc6 14. dxc5 f5
15. b4 Qc7 16. Ne5 Bd7 17. f3 Ng3 18. Rg1 Nh5 19. Qd2 b6 20. g4 fxg4 21. Rxg4
bxc5 22. bxc5 Be8 23. c6 Bxc6 24. Ke2 Rxf4 25. Nxc6 Rxg4 26. fxg4 Nf4+ 27. Kd1
Nxd3 28. Qxd3 Qxc6 29. Kd2 Rf8 30. Rf1 Rxf1 31. Qxf1 Qa4 32. Qf3 Qxa2+ 33. Ke3
Qc4 34. Kf2 Qe4 0-1

[Event "chess.com Speed 3m+1spm 2018"]
[Site "chess.com INT"]
[Date "2018.07.29"]
[Round "1.15"]
[White "So, Wesley"]
[Black "Wei, Yi"]
[Result "1/2-1/2"]
[WhiteTitle "GM"]
[BlackTitle "GM"]
[WhiteElo "2780"]
[BlackElo "2729"]
[WhiteFideId "5202213"]
[BlackFideId "8603405"]
[EventDate "2018.07.24"]

1. d4 Nf6 2. c4 g6 3. Nf3 Bg7 4. Nc3 d5 5. Bg5 Ne4 6. Bf4 O-O 7. e3 c5 8. cxd5
Nxc3 9. bxc3 Qxd5 10. Be2 cxd4 11. cxd4 Qa5+ 12. Qd2 Nc6 13. Qxa5 Nxa5 14. Kd2
Be6 15. Rhc1 Rfc8 16. Bd3 Rxc1 17. Kxc1 Rc8+ 18. Kd2 Bd5 19. e4 Bc4 20. Rc1 b5
21. Ne5 Bxe5 22. Bxe5 f6 23. Bg3 Kf7 24. f3 Rc6 25. d5 Ra6 26. Rc2 e6 27. dxe6+
Kxe6 28. Rb2 Rc6 29. Ke3 Bxd3 30. Kxd3 a6 31. h4 Nc4 32. Re2 a5 33. Bf4 Ne5+ 34.
Bxe5 fxe5 35. a3 Kd6 36. Rb2 Kc5 37. Rc2+ Kb6 38. Rxc6+ Kxc6 39. g3 Kc5 40. f4
Kd6 41. Kc3 Ke6 42. Kd3 Kf6 43. Kc3 Kg7 44. Kd3 Kf7 45. Kc3 Kf6 46. Kd3 Ke6 47.
Kc3 Kf6 48. Kd3 1/2-1/2

[Event "chess.com Speed 3m+1spm 2018"]
[Site "chess.com INT"]
[Date "2018.07.29"]
[Round "1.16"]
[White "Wei, Yi"]
[Black "So, Wesley"]
[Result "0-1"]
[WhiteTitle "GM"]
[BlackTitle "GM"]
[WhiteElo "2729"]
[BlackElo "2780"]
[WhiteFideId "8603405"]
[BlackFideId "5202213"]
[EventDate "2018.07.24"]

1. d4 Nf6 2. Bf4 d5 3. e3 Bf5 4. Nf3 e6 5. c4 Bxb1 6. Rxb1 Bb4+ 7. Ke2 dxc4 8.
Qa4+ Nc6 9. Ne5 Nd5 10. Nxc6 Qd7 11. Rc1 Qxc6 12. Qxc6+ bxc6 13. Rxc4 Rb8 14. b3
Nxf4+ 15. exf4 Bd6 16. Ke3 Kd7 17. Bd3 Rb4 18. Rhc1 Rxc4 19. Rxc4 Rb8 20. Be4
Rb6 21. Ra4 c5 22. d5 exd5 23. Bxd5 Rb4 24. Rxa7 Bxf4+ 25. Ke2 Rd4 26. Bxf7 Rd2+
27. Kf3 Bxh2 28. Bc4 Be5 29. Be2 h5 30. Ra8 Bd4 31. Rg8 Rxa2 32. Rh8 g5 33. Rh7+
Kc6 34. Bc4 Rxf2+ 35. Ke4 Rf4+ 36. Kd3 h4 37. Rh6+ Bf6 38. Rh7 Kd6 0-1